000 01117nam a2200241Ia 4500
999 _c3539
_d3539
003 OSt
005 20200413112937.0
008 191128t2013 ck a br 000 j spa d
020 _a9789587583151
040 _aCO-JMCR
_cCO-JMCR
041 0 _aspa
082 0 4 _aC /
_bDAHc
100 1 _aDahl, Roald,
_d1916-1990
_eAutor
_92911
245 1 0 _aCuentos en verso para niños perversos /
_cRoald Dahl ; traducido por Miguel Azaola
250 _aPrimer edición
260 _aBogotá :
_bAlfaguara,
_c©2013
300 _a58 páginas :
_bilustraciones a color ;
_c24 cm.
490 0 _aNidos para la lectura
505 _aLa cenicienta -- Juan y la habichuela mágica -- Blanca nieves y los siete enanos -- Rizos de oro y los tres osos -- Caperucita roja y el lobo -- Los tres cerditos
520 _a"A los traviesos lectores que ya creen haber superado la etapa de Caperucita Roja, estos Cuentos en verso los harán soltar más de una carcajada. El inglés Roald Dahl, genio de la literatura y maestro del humor negro, se divierte transformando aquellas his
650 1 4 _aCuentos infantiles
_92912
942 _2ddc
_cBK